|
|
|
|
| LEADER |
00000nas a22000007a 4500 |
| 001 |
ssj0012590 |
| 003 |
WaSeSS |
| 005 |
20200512172242.0 |
| 006 |
m d |
| 007 |
cr n |
| 008 |
991202c19789999mouqr p s 0 a0eng |
| 010 |
|
|
|a 2012200642
|
| 022 |
|
|
|a 2169-3781
|y 0164-7016
|
| 035 |
|
|
|a (WaSeSS)ssj0012590
|
| 037 |
|
|
|b Investigative Reporters and Editors, Inc., 26 Walter Williams Hall, University of Missouri, Columbia, MO 65211
|
| 040 |
|
|
|a AAA
|b eng
|c AAA
|d OCL
|d OCLCQ
|d OCLCE
|d DLC
|d OCLCQ
|d OCLCF
|d OCLCO
|d IUL
|d OCLCQ
|d OCLCA
|d WaSeSS
|
| 042 |
|
|
|a pcc
|a nsdp
|
| 050 |
|
4 |
|a PN4781
|b .I616
|
| 082 |
1 |
0 |
|a 070.43
|2 14
|
| 210 |
0 |
|
|a IRE j.
|b (Online)
|
| 222 |
|
4 |
|a The IRE journal
|b (Online)
|
| 245 |
0 |
4 |
|a The IRE journal
|h [electronic resource].
|
| 246 |
3 |
|
|a Investigative reporters and editors journal
|
| 260 |
|
|
|a [Columbia, Mo.] :
|b [Investigative Reporters and Editors]
|
| 310 |
|
|
|a Quarterly,
|b 2009-
|
| 321 |
|
|
|a Frequency varies,
|b 1978-2008
|
| 362 |
1 |
|
|a Print began with vol. 1, no. 1 (Oct./Nov. 1978).
|
| 506 |
|
|
|a License restrictions may limit access.
|
| 538 |
|
|
|a Mode of access: World Wide Web.
|
| 588 |
|
|
|a Description based on print version record.
|
| 588 |
|
|
|a Latest issue consulted: Vol. 35, no. 1 (winter 2012); title from journal information page (Ebsco, viewed Aug. 22, 2012).
|
| 650 |
|
0 |
|a Investigative reporting
|v Periodicals.
|
| 650 |
|
0 |
|a Reporters and reporting
|v Periodicals.
|
| 650 |
|
0 |
|a Editors
|v Periodicals.
|
| 650 |
|
0 |
|a Newspaper editors
|v Periodicals.
|
| 650 |
|
0 |
|a Journalists
|v Periodicals.
|
| 650 |
|
6 |
|a Reportage
|v Périodiques.
|
| 650 |
|
6 |
|a Journalisme d'enquête
|v Périodiques.
|
| 650 |
|
6 |
|a Journalistes
|v Périodiques.
|
| 650 |
|
7 |
|a Editors.
|2 fast
|0 (OCoLC)fst00902475
|
| 650 |
|
7 |
|a Investigative reporting.
|2 fast
|0 (OCoLC)fst00978154
|
| 650 |
|
7 |
|a Journalists.
|2 fast
|0 (OCoLC)fst00984188
|
| 650 |
|
7 |
|a Newspaper editors.
|2 fast
|0 (OCoLC)fst01037053
|
| 650 |
|
7 |
|a Reporters and reporting.
|2 fast
|0 (OCoLC)fst01094906
|
| 650 |
1 |
7 |
|a Journalistiek.
|2 gtt
|
| 650 |
1 |
7 |
|a Onderzoek.
|2 gtt
|
| 655 |
|
0 |
|a Electronic journals.
|
| 710 |
2 |
|
|a Investigative Reporters and Editors, Inc.
|
| 776 |
0 |
8 |
|i Print version:
|t IRE journal
|x 0164-7016
|w (DLC)sn 78006655
|w (OCoLC)4390579
|
| 856 |
4 |
0 |
|z Full text available from Research Library: 01/01/1997 to present
|u https://search.proquest.com/publication/30613
|